NCAA Institutions in Michigan - Statistics

General Stats
  • This quiz has been taken 23 times
  • The average score is 14 of 24
Answer Stats
Conference School Team Name % Correct
Division I Big Ten Michigan Wolverines
100%
Division I Big Ten Michigan State Spartans
100%
Division I Mid-American Central Michigan Chippewas
95%
Division I Mid-American Eastern Michigan Eagles
95%
Division II GLIAC Northern Michigan Wildcats
95%
Division I Mid-American Western Michigan Broncos
95%
Division II GLIAC Michigan Technological Huskies
79%
Division I Horizon Oakland Golden Grizzlies
79%
Division I Horizon Detroit Mercy Titans
68%
Division II GLIAC Grand Valley State Lakers
68%
Division II GLIAC Ferris State Bulldogs
63%
Division III Michigan Kalamazoo Hornets
53%
Division II GLIAC Saginaw Valley State Cardinals
53%
Division II GLIAC Wayne State Warriors
53%
Division III Michigan Hope Flying Dutchmen
42%
Division III Michigan Adrian Bulldogs
37%
Division III Michigan Albion Britons
37%
Division II GLIAC Lake Superior State Lakers
37%
Division III Michigan Alma Scots
32%
Division III Michigan Calvin Knights
32%
Division II GLIAC Davenport Panthers
26%
Division II Great Midwest Hillsdale Chargers
26%
Division III Michigan Olivet Comets
26%
Division II Great Midwest Northwood Timberwolves
16%
No matching quizzes found
Score Distribution
Percent of People with Each Score
Percentile by Number Answered
Your Score History
You have not taken this quiz